书目信息 |
| 书名: | A season in the sun | |
| 作者: | Roger Kahn ; with a new afterword by the author. | |
| 分册号: | ||
| 分册名: | 出版地: | Lincoln : |
|
| 出版社: | University of Nebraska Press | |
| 出版时间: | [2000]. | |
| 页数: | 191 p. : | |
| 开本: | 21 cm. | |
| 丛书名: | ||
| 中图分类号: | ||
| 科图分类号: | ||
| 其他分类号: | G848.1 | |
| 主题词: | ||
| 电子资源: | http://www.loc.gov/catdir/enhancements/fy0709/99052089-b.html http://www.loc.gov/catdir/enhancements/fy0709/99052089-d.html | |
| 000 | 01267cam a22003134a 450 | |
| 001 | E0752079606 | |
| 005 | 20070712145600.45 | |
| 008 | 991012s2000 nbua s001 0 eng | |
| 010 | @a99052089 | |
| 020 | @a0803277938 (pbk. : alk. paper). | |
| 040 | @aDLC@cDLC@dDLC | |
| 042 | @apcc | |
| 043 | @an-us--- | |
| 050 | 00 | @aGV863.A1@bK34 2000 |
| 082 | 00 | @a796.357/0973@2 21 |
| 090 | @aG848.1 | |
| 099 | @dG848.1@ex12 | |
| 100 | 1 | @aKahn, Roger. |
| 245 | 12 | @aA season in the sun / @cRoger Kahn ; with a new afterword by the author. |
| 260 | @aLincoln :@bUniversity of Nebraska Press,@c[2000]. | |
| 300 | @a191 p. :@bill. ;@c21 cm. | |
| 500 | @aOriginally published: Harper & Row, c1977. | |
| 500 | @aIncludes indexes. | |
| 650 | 0 | @aBaseball@zUnited States. |
| 856 | 42 | @3 Contributor biographical information@uhttp://www.loc.gov/catdir/enhancements/fy0709/99052089-b.html |
| 856 | 42 | @3 Publisher description@uhttp://www.loc.gov/catdir/enhancements/fy0709/99052089-d.html |
| 906 | @a7@bcbc@corignew@d1@eocip@f19@gy-gencatlg | |
| 925 | 0 | @aacquire@b1 shelf copy@xpolicy default |
| 955 | @ato SSCD pc05 10-12-99; sj08 10-13-99; sj04 10-15-99; to Dewey 10-15-99;aa03 10-18-99; sj00 03-23-00; CIP ver. sj03 03-24-00; sj04 03-30-00; to BCCD 03-30-00 | |
| A season in the sun / / Roger Kahn ; with a new afterword by the author.-Lincoln : : University of Nebraska Press, , [2000]. |
| 191 p. : : ill. ; ; 21 cm. |
| Originally published: Harper & Row, c1977.-Includes indexes. |
| ISBN 0803277938 (pbk. : alk. paper). |
| ● |
| 相关链接 |
|
|
|
|
正题名:season in the sun
索取号:G848.1/x12
 
预约/预借
| 序号 | 登录号 | 条形码 | 馆藏地/架位号 | 状态 | 备注 |
| 1 | 11788 | 300117889 | 第二样本阅览室/ [索取号:G848.1/x12] | 在馆 |